000 00389nam a22001697a 4500
003 OSt
008 250421b |||||||| |||| 00| 0 eng d
020 _a9789355517166
082 _a005.368 SIM
100 _aSINHA,Chandraish
245 _aMastering Power BI
250 _a2nd Ed
260 _aNew Delhi
_bBPB
_c2025
300 _a258
650 _aMastering Power BI
942 _2ddc
_cBK
999 _c13357
_d13357